000 01008nam a22002777a 4500
003 URS
005 20251022113503.0
008 250908b ||||| |||| 00| 0 eng d
040 _cURS
043 _aURS
050 _aTLB2830.2
_b.C16 2024
100 _aCanchela, Jenny Joy A.
245 _aResource Management Practice and Managerial Success of School Administrators
260 _cApril 2024
300 _a190 leaves :
_billustrations ;
_c28 cm.
336 _2rdacontent
_atext
337 _2rdamedia
_aunmediated
338 _2rdacarrier
_avolume
502 _aThesis
_bMaster of Arts in Education Major in Educational Management
_cUniversity of Rizal System-Morong
_d2024
650 0 _aSchool budgets -- Philippines
650 0 _aEducation--Philippines--Finance
650 0 _aSchool management and organization--Philippines.
700 _aTrinidad, Aurora F.
_edegree supervisor
856 _3Online Request for Student Unpublished Works
_uhttps://forms.gle/7LqvGGkaDrUQqz429
942 _2lcc
_cT
999 _c85951
_d85949